[Event "Catalunya-chT Gp2 final"]
[Site "Barcelona"]
[Date "2016.04.09"]
[Round "3.4"]
[White "Herreros Fernandez, Miguel"]
[Black "Cervello Tost, Ferran"]
[Result "1/2-1/2"]
[WhiteElo "2163"]
[BlackElo "2326"]
[PlyCount "51"]
[EventDate "2016.03.12"]
[EventType "team-tourn"]
[EventRounds "4"]
[EventCountry "ESP"]
[SourceTitle "EXT 2017"]
[Source "ChessBase"]
[SourceDate "2016.10.25"]
[SourceVersion "1"]
[SourceVersionDate "2016.10.25"]
[SourceQuality "1"]
[WhiteTeam "Catalunya"]
[BlackTeam "Peona I Peo"]
[WhiteTeamCountry "ESP"]
[BlackTeamCountry "ESP"]

1. Nf3 c6 2. c4 g6 3. e4 Bg7 4. Nc3 d6 5. d4 Bg4 6. Be2 Nd7 7. Ng1 Bxe2 8. Ngxe2 Ngf6 9. 0-0 0-0 10. Rb1 e5 11. f3 Re8 12. Be3 d5 13. cxd5 cxd5 14. dxe5 Nxe5 15. exd5 Nc4 16. Bd4 Ne3 17. Bxe3 Rxe3 18. Qd2 Re5 19. Rfd1 Qb6+ 20. Kh1 Rd8 21. Qd4 Qd6 22. Ng3 Rg5 23. Qh4 Re5 24. Nge4 Nxe4 25. Nxe4 Qb8 26. d6 1/2-1/2

[Event "Catalunya-chT Gp1"]
[Site "Barcelona"]
[Date "2016.02.06"]
[Round "3.3"]
[White "Vidarte Morales, Arturo"]
[Black "Herreros Fernandez, Miguel"]
[Result "1-0"]
[WhiteElo "2306"]
[BlackElo "2163"]
[PlyCount "119"]
[EventDate "2016.01.23"]
[EventType "team-tourn"]
[EventRounds "7"]
[EventCountry "ESP"]
[SourceTitle "CBM 170 Extra"]
[Source "ChessBase"]
[SourceDate "2016.02.25"]
[SourceVersion "1"]
[SourceVersionDate "2016.02.25"]
[SourceQuality "1"]
[WhiteTeam "Montcada"]
[BlackTeam "Catalunya"]
[WhiteTeamCountry "ESP"]
[BlackTeamCountry "ESP"]

1. c4 Nf6 2. Nc3 d5 3. cxd5 Nxd5 4. Nf3 Nc6 5. g3 e5 6. Bg2 Be6 7. 0-0 Be7 8. d4 exd4 9. Nxd4 Nxc3 10. bxc3 Nxd4 11. cxd4 Bd5 12. Qa4+ c6 13. Bxd5 Qxd5 14. e4 Qd7 15. Rb1 a6 16. Be3 0-0 17. Rfc1 b5 18. Qb3 Qg4 19. Rxc6 Qxe4 20. d5 h5 21. h4 Rfd8 22. Rd1 Bd6 23. Bb6 Rd7 24. Qc3 Re8 25. Rc8 Rde7 26. Bd8 Qg4 27. Rc1 Re5 28. Bg5 Re1+ 29. Qxe1 Rxc8 30. Rc6 Bc5 31. Kg2 Qf5 32. Rxc8+ Qxc8 33. Qc3 Qf8 34. Bf4 Qe7 35. Qf3 a5 36. Qxh5 b4 37. d6 Bxd6 38. Bxd6 Qxd6 39. Qxa5 Qc6+ 40. Kg1 Qe4 41. Qd8+ Kh7 42. Qd2 Kg8 43. Kh2 Qc4 44. Qb2 Qc3 45. Qb3 Qe1 46. Kg2 Qe4+ 47. Qf3 Qc4 48. Qa8+ Kh7 49. Qa7 b3 50. axb3 Qxb3 51. Qc5 Qb7+ 52. Kh2 Kg8 53. Qf5 Qc6 54. h5 Qd6 55. Qe4 Qc7 56. Kg2 Qd7 57. g4 Qa7 58. g5 Qb8 59. g6 Qd8 60. Qf5 1-0

[Event "La Pobla de Lillet op 24th"]
[Site "La Pobla de Lillet"]
[Date "2014.08.04"]
[Round "3"]
[White "Gomez Jurado, Luis Alberto"]
[Black "Herreros Fernandez, Miguel"]
[Result "1-0"]
[WhiteElo "2302"]
[BlackElo "1889"]
[PlyCount "27"]
[EventDate "2014.08.02"]
[EventType "swiss"]
[EventRounds "9"]
[EventCountry "ESP"]
[SourceTitle "EXT 2017"]
[Source "ChessBase"]
[SourceDate "2016.10.25"]
[SourceVersion "1"]
[SourceVersionDate "2016.10.25"]
[SourceQuality "1"]

1. c4 Nf6 2. g3 g6 3. Bg2 Bg7 4. Nc3 d6 5. e4 0-0 6. Nge2 c6 7. 0-0 a5 8. h3 Na6 9. d3 Ne8 10. Be3 e5 11. Qd2 Nc5 12. d4 exd4 13. Bxd4 f5 14. Bxc5 1-0

[Event "La Pobla de Lillet op 23rd"]
[Site "La Pobla de Lillet"]
[Date "2013.08.04"]
[Round "3"]
[White "Herreros Fernandez, Miguel"]
[Black "Nadal Fajardo, Ricard"]
[Result "1-0"]
[WhiteElo "2242"]
[BlackElo "1889"]
[PlyCount "83"]
[EventDate "2013.08.02"]
[EventType "swiss"]
[EventRounds "9"]
[EventCountry "ESP"]
[SourceTitle "EXT 2014"]
[Source "ChessBase"]
[SourceDate "2013.11.20"]
[SourceVersion "1"]
[SourceVersionDate "2013.11.20"]
[SourceQuality "1"]

1. d4 Nf6 2. Nf3 e6 3. Bg5 d5 4. Nbd2 Be7 5. e3 0-0 6. Bd3 Nbd7 7. 0-0 h6 8. Bh4 c5 9. c3 b6 10. Qe2 Bb7 11. Rad1 Ne4 12. Bg3 f5 13. Be5 Bf6 14. h3 Bxe5 15. Nxe5 Nxe5 16. dxe5 Qc7 17. Nf3 c4 18. Bc2 Rad8 19. Rd4 g5 20. Rfd1 b5 21. Nd2 Nxd2 22. R1xd2 Qxe5 23. e4 fxe4 24. Bxe4 Qf6 25. Bc2 e5 26. Rg4 Rf7 27. h4 d4 28. hxg5 hxg5 29. Be4 d3 30. Qe3 Bxe4 31. Rxe4 Re8 32. b3 Rh7 33. bxc4 bxc4 34. Rxc4 Qh6 35. f3 Qh1+ 36. Kf2 e4 37. Rxe4 Rxe4 38. Qxe4 Qc1 39. Qxd3 Rh1 40. Qg6+ Kf8 41. Rd8+ Ke7 42. Qd6+ 1-0

[Event "La Pobla de Lillet op 23rd"]
[Site "La Pobla de Lillet"]
[Date "2013.08.02"]
[Round "1"]
[White "Herreros Fernandez, Miguel"]
[Black "Cardo Llagostera, Francesco Javier"]
[Result "1-0"]
[WhiteElo "2242"]
[BlackElo "1772"]
[PlyCount "53"]
[EventDate "2013.08.02"]
[EventType "swiss"]
[EventRounds "9"]
[EventCountry "ESP"]
[SourceTitle "EXT 2014"]
[Source "ChessBase"]
[SourceDate "2013.11.20"]
[SourceVersion "1"]
[SourceVersionDate "2013.11.20"]
[SourceQuality "1"]

1. d4 d5 2. Nf3 Nf6 3. c4 e6 4. Nc3 Be7 5. Bg5 0-0 6. e3 h6 7. Bh4 b6 8. Qc2 Bb7 9. Rd1 Nbd7 10. cxd5 Nxd5 11. Bg3 Nxc3 12. bxc3 Bd6 13. e4 Bxg3 14. hxg3 Qe7 15. e5 c5 16. Bd3 cxd4 17. cxd4 Qb4+ 18. Kf1 Rac8 19. Qe2 Rfd8 20. g4 Qe7 21. Rh5 f6 22. exf6 Nxf6 23. Re5 Bd5 24. g5 Ng4 25. Rxd5 Rxd5 26. Qe4 Rf5 27. Qxg4 1-0

[Event "Manresa"]
[Site "Manresa"]
[Date "2012.12.07"]
[Round "7"]
[White "Herreros Fernandez, Miguel"]
[Black "Menac Comas, Joan Ramon"]
[Result "0-1"]
[WhiteElo "2279"]
[BlackElo "2139"]
[PlyCount "62"]
[EventDate "2012.10.19"]
[EventType "tourn"]
[EventRounds "9"]
[EventCountry "ESP"]
[EventCategory "3"]
[SourceTitle "EXT 2013"]
[Source "ChessBase"]
[SourceDate "2012.11.22"]
[SourceVersion "1"]
[SourceVersionDate "2012.11.22"]
[SourceQuality "1"]

1. d4 g6 2. c4 Bg7 3. Nc3 c5 4. d5 Bxc3+ 5. bxc3 f5 6. h3 Qa5 7. Qc2 d6 8. g4 Nf6 9. Bh6 Ne4 10. Rc1 Bd7 11. Bg2 Na6 12. Bxe4 fxe4 13. Qxe4 Qxa2 14. Nf3 0-0-0 15. 0-0 Qa5 16. Ng5 Rde8 17. Ne6 Rhg8 18. Bd2 Bxe6 19. dxe6 Nb8 20. f4 h5 21. gxh5 gxh5+ 22. Kh2 Nc6 23. Ra1 Qc7 24. f5 d5+ 25. Qf4 dxc4 26. Kh1 Qxf4 27. Bxf4 b5 28. Ra6 Kb7 29. Rfa1 Ra8 30. e3 b4 31. cxb4 cxb4 0-1

[Event "Manresa"]
[Site "Manresa"]
[Date "2012.11.16"]
[Round "4"]
[White "Gonzalez Rodriguez, Jorge Armando"]
[Black "Herreros Fernandez, Miguel"]
[Result "1-0"]
[WhiteElo "2372"]
[BlackElo "2279"]
[PlyCount "64"]
[EventDate "2012.10.19"]
[EventType "tourn"]
[EventRounds "9"]
[EventCountry "ESP"]
[EventCategory "3"]
[SourceTitle "EXT 2013"]
[Source "ChessBase"]
[SourceDate "2012.11.22"]
[SourceVersion "1"]
[SourceVersionDate "2012.11.22"]
[SourceQuality "1"]

1. b3 d5 2. e3 c5 3. Bb2 Nf6 4. Nf3 e6 5. d4 Nc6 6. Nbd2 Be7 7. Bd3 0-0 8. a3 b6 9. 0-0 Bb7 10. Qe2 Nd7 11. c4 Bf6 12. Rac1 Qe7 13. Rfd1 Rfd8 14. Nf1 g6 15. cxd5 exd5 16. dxc5 bxc5 17. Bxf6 Nxf6 18. Ba6 Rab8 19. Bxb7 Rxb7 20. Qc2 Rb5 21. N1d2 Ra5 22. Qb2 Ra6 23. Rc2 d4 24. Re1 d3 25. Rc4 Na5 26. Ra4 c4 27. bxc4 Rb6 28. Rb4 Nd7 29. Rb1 Rc8 30. Qc3 Rd6 31. Rb5 Nc6 32. Rd5 Nb6 1-0

[Event "Manresa"]
[Site "Manresa"]
[Date "2012.10.26"]
[Round "2"]
[White "Ryan, Joseph"]
[Black "Herreros Fernandez, Miguel"]
[Result "1-0"]
[WhiteElo "2262"]
[BlackElo "2279"]
[PlyCount "73"]
[EventDate "2012.10.19"]
[EventType "tourn"]
[EventRounds "9"]
[EventCountry "ESP"]
[EventCategory "3"]
[SourceTitle "EXT 2013"]
[Source "ChessBase"]
[SourceDate "2012.11.22"]
[SourceVersion "1"]
[SourceVersionDate "2012.11.22"]
[SourceQuality "1"]

1. d4 Nf6 2. Nf3 d6 3. c4 Nbd7 4. g3 e5 5. Bg2 Be7 6. 0-0 0-0 7. Nc3 c6 8. e4 Qc7 9. h3 a6 10. a4 b6 11. Be3 Bb7 12. d5 cxd5 13. cxd5 Ne8 14. Rc1 Qd8 15. h4 g6 16. Bh6 Ng7 17. Bh3 Bc8 18. Kg2 Nc5 19. Bxc8 Rxc8 20. b4 Nd7 21. Qd3 a5 22. Rb1 axb4 23. Rxb4 Rc5 24. Be3 Ra5 25. Rfb1 Nc5 26. Bxc5 bxc5 27. Rb7 f5 28. R1b5 Ra8 29. Qc4 Kh8 30. a5 Qe8 31. Qa4 Ra6 32. Qb3 Bd8 33. Rb8 Qf7 34. R5b7 Qf6 35. Ng5 Rxa5 36. Rxd8 Qxd8 37. Rxg7 1-0

[Event "Catalunya-chT"]
[Site "Spain"]
[Date "1999.??.??"]
[Round "5"]
[White "Arnau Moliner, Salvador"]
[Black "Herreros Fernandez, Miguel"]
[Result "0-1"]
[WhiteElo "2260"]
[BlackElo "2250"]
[PlyCount "54"]
[EventDate "1999.??.??"]
[EventType "team"]
[EventRounds "9"]
[EventCountry "ESP"]
[SourceTitle "EXT 2000"]
[Source "ChessBase"]
[SourceDate "1999.11.16"]
[SourceVersion "1"]
[SourceVersionDate "1999.11.16"]
[SourceQuality "1"]

1. d4 Nf6 2. c4 d6 3. Nc3 Nbd7 4. Nf3 e5 5. e4 Be7 6. g3 c6 7. Bg2 0-0 8. 0-0 Re8 9. h3 Bf8 10. Qc2 a6 11. Be3 b5 12. Rad1 Qc7 13. c5 dxc5 14. dxe5 Nxe5 15. Nxe5 Qxe5 16. f4 Qc7 17. e5 Nd5 18. Rxd5 cxd5 19. Nxd5 Qa7 20. f5 Rxe5 21. f6 g6 22. Ne7+ Bxe7 23. fxe7 Rxe3 24. Qd2 Qxe7 25. Bxa8 Rxg3+ 26. Kh2 Qh4 27. Bg2 Bxh3 0-1

[Event "Catalunya-chT"]
[Site "Spain"]
[Date "1998.??.??"]
[Round "4"]
[White "Herreros Fernandez, Miguel"]
[Black "Gonzalez Rodriguez, Jorge Armando"]
[Result "0-1"]
[WhiteElo "2310"]
[BlackElo "2450"]
[PlyCount "61"]
[EventDate "1998.01.??"]
[EventType "team"]
[EventRounds "9"]
[EventCountry "ESP"]
[SourceTitle "EXT 2003"]
[Source "ChessBase"]
[SourceDate "2002.11.25"]
[SourceVersion "1"]
[SourceVersionDate "2002.11.25"]
[SourceQuality "1"]

1. d4 Nf6 2. Nf3 d6 3. c4 g6 4. Nc3 Bg7 5. e4 0-0 6. Be2 e5 7. dxe5 dxe5 8. Qxd8 Rxd8 9. Bg5 c6 10. 0-0 Re8 11. Rad1 Na6 12. Rd6 Be6 13. Re1 Nc5 14. Bf1 Nfd7 15. h3 Bf8 16. Rdd1 f6 17. Be3 a5 18. Nd2 Red8 19. f3 Nb6 20. Nb3 Rxd1 21. Rxd1 Nbd7 22. Nxc5 Nxc5 23. b3 Kf7 24. Be2 Be7 25. f4 exf4 26. Bxf4 h5 27. Be3 h4 28. Bf3 a4 29. b4 Nd7 30. a3 Ne5 31. Be2 0-1

[Event "Catalunya-chT"]
[Site "Spain"]
[Date "1998.??.??"]
[Round "3"]
[White "Herreros Fernandez, Miguel"]
[Black "Grau Brumos, Isidre"]
[Result "1-0"]
[WhiteElo "2310"]
[BlackElo "2240"]
[PlyCount "79"]
[EventDate "1998.01.??"]
[EventType "team"]
[EventRounds "9"]
[EventCountry "ESP"]
[SourceTitle "EXT 2003"]
[Source "ChessBase"]
[SourceDate "2002.11.25"]
[SourceVersion "1"]
[SourceVersionDate "2002.11.25"]
[SourceQuality "1"]

1. d4 Nf6 2. Nf3 d5 3. c4 e6 4. Bg5 c6 5. e3 Nbd7 6. Nc3 Qa5 7. Nd2 Bb4 8. Bxf6 Nxf6 9. Qc2 0-0 10. Be2 a6 11. 0-0 Bd7 12. a3 Be7 13. b4 Qc7 14. Rfc1 Rac8 15. Qb2 e5 16. cxd5 exd4 17. exd4 Qf4 18. Bf3 Qxd4 19. Nb3 Qf4 20. Ne2 Qg5 21. dxc6 bxc6 22. Ng3 Bd6 23. Qe2 h5 24. Qd3 Qf4 25. Rc4 Qe5 26. Rd1 Bb8 27. Nc5 Bg4 28. Bxg4 hxg4 29. Nd7 Nxd7 30. Qxd7 f5 31. Rc5 Rc7 32. Qd3 Qe6 33. Rxf5 Rcf7 34. Rxf7 Qxf7 35. Ne4 Bc7 36. Qc2 a5 37. Qxc6 axb4 38. axb4 Re8 39. Ng5 Qe7 40. g3 1-0

[Event "Catalunya-chT"]
[Site "Spain"]
[Date "1997.??.??"]
[Round "3"]
[White "Hernando Rodrigo, Jose Maria"]
[Black "Herreros Fernandez, Miguel"]
[Result "0-1"]
[WhiteElo "2270"]
[BlackElo "2210"]
[PlyCount "74"]
[EventDate "1997.??.??"]
[EventType "team"]
[EventRounds "9"]
[EventCountry "ESP"]
[SourceTitle "EXT 2002"]
[Source "ChessBase"]
[SourceDate "2001.11.25"]
[SourceVersion "1"]
[SourceVersionDate "2001.11.25"]
[SourceQuality "1"]

1. d4 Nf6 2. Nf3 d6 3. h3 Nbd7 4. Bf4 g6 5. Nc3 Bg7 6. e4 0-0 7. e5 Ne8 8. Bc4 Nb6 9. Bb3 d5 10. a4 a5 11. Qd2 c6 12. Bh6 Kh8 13. h4 f6 14. Be3 h5 15. Ne2 Bf5 16. Nf4 Kh7 17. Rh3 Nc7 18. Rg3 Ne6 19. c3 Nxf4 20. Bxf4 Nc4 21. Qe2 Qb6 22. Bc2 Qxb2 23. Rc1 Bxc2 24. Rxc2 Qb1+ 25. Bc1 Na3 26. Kd1 Qxc2+ 27. Qxc2 Nxc2 28. Kxc2 Bh6 29. Ba3 Rfe8 30. Rh3 b5 31. Ne1 b4 32. cxb4 axb4 33. Bxb4 Rxa4 34. Nd3 fxe5 35. dxe5 e6 36. Rf3 Rb8 37. Bd6 Rc4+ 0-1

[Event "Catalunya-chT"]
[Site "Spain"]
[Date "1997.??.??"]
[Round "9"]
[White "Oms Pallisse, Josep"]
[Black "Herreros Fernandez, Miguel"]
[Result "1-0"]
[WhiteElo "2450"]
[BlackElo "2210"]
[PlyCount "61"]
[EventDate "1997.??.??"]
[EventType "team"]
[EventRounds "9"]
[EventCountry "ESP"]
[SourceTitle "EXT 2002"]
[Source "ChessBase"]
[SourceDate "2001.11.25"]
[SourceVersion "1"]
[SourceVersionDate "2001.11.25"]
[SourceQuality "1"]

1. Nf3 Nf6 2. c4 d6 3. d4 Nbd7 4. Nc3 e5 5. Bg5 Be7 6. e3 0-0 7. Qc2 Ne8 8. h4 c6 9. 0-0-0 exd4 10. Nxd4 Bf6 11. Bd3 h6 12. g4 Ne5 13. Bxf6 Nxf6 14. g5 Nfg4 15. Bh7+ Kh8 16. Bf5 h5 17. Qe2 c5 18. Bxc8 cxd4 19. exd4 Qxc8 20. dxe5 Re8 21. Rd5 g6 22. Ne4 Nxe5 23. Nxd6 Qc6 24. b3 Re6 25. Rhd1 Kg8 26. Ne4 Ng4 27. f3 Rae8 28. Rd8 Qc7 29. Rxe8+ Rxe8 30. Rd4 Qf4+ 31. Kb1 1-0